| Tag |
First Indicator |
Second Indicator |
Subfields |
| LEADER |
00000cam a22000005a 4500 |
| 001 |
in00001403887 |
| 005 |
20151020053211.0 |
| 008 |
720829s1966 enk b 001 0 eng d |
| 010 |
|
|
|a 66073158
|
| 015 |
|
|
|a GB66-12738
|
| 035 |
|
|
|a (OCoLC)00394570
|
| 035 |
|
|
|9 AHM7373AM
|
| 040 |
|
|
|a WSU
|c WSU
|d UKM
|d OCL
|d TXA
|d UtOrBLW
|
| 049 |
|
|
|a TXAS [mil]
|
| 082 |
0 |
4 |
|a 940.531
|2 18
|
| 090 |
|
|
|a D759
|b .D64 1966
|
| 100 |
1 |
|
|a Donnison, F. S. V.
|
| 245 |
1 |
0 |
|a Civil affairs and military government :
|b central organization and planning /
|c by F.S.V. Donnison.
|
| 264 |
|
1 |
|a London :
|b H.M.S.O.,
|c 1966.
|
| 300 |
|
|
|a xv, 400 pages ;
|c 25 cm.
|
| 336 |
|
|
|a text
|b txt
|2 rdacontent
|
| 337 |
|
|
|a unmediated
|b n
|2 rdamedia
|
| 338 |
|
|
|a volume
|b nc
|2 rdacarrier
|
| 490 |
1 |
|
|a History of the Second World War. United Kingdom military series
|
| 504 |
|
|
|a Includes bibliographical references and index.
|
| 650 |
|
0 |
|a World War, 1939-1945
|z Great Britain.
|
| 830 |
|
0 |
|a History of the Second World War.
|p United Kingdom military series.
|
| 999 |
|
|
|a MARS
|
| 999 |
f |
f |
|s 77514ca4-608f-3bbd-aafb-26a46b7dd221
|i 63819bf3-cabb-37f2-b6c4-9d62b658c253
|t 0
|
| 952 |
f |
f |
|p noncirc
|a Texas A&M University
|b College Station
|c Cushing Memorial Library & Archives
|d Cushing: Ragan Military (Does not check out)
|t 0
|e D759 .D64 1966
|h Library of Congress classification
|i unmediated -- volume
|m A14852154740
|
| 998 |
f |
f |
|a D759 .D64 1966
|t 0
|l Cushing: Ragan Military (Does not check out)
|